European debt crisis - origin, consequences and potential solutions
Čo je dlhová kríza. Grécko, Portugalsko, Írsko, Taliansko, Španielsko. Krajiny najviac vystavené gréckemu dlhu. Ako sa dostať z dlhovej krízy.
Gespeichert in:
| 1. Verfasser: | |
|---|---|
| Format: | Buchkapitel |
| Sprache: | Englisch |
| Schlagworte: | |
| Tags: |
Keine Tags, Fügen Sie das erste Tag hinzu!
|
MARC
| LEADER | 00000nla$a2200000$$$4500 | ||
|---|---|---|---|
| 001 | 0150450 | ||
| 005 | 20240502072714.8 | ||
| 041 | 0 | |a eng | |
| 044 | |a SK | ||
| 245 | 1 | 0 | |a European debt crisis - origin, consequences and potential solutions |c František Nemeth |
| 520 | |a Čo je dlhová kríza. Grécko, Portugalsko, Írsko, Taliansko, Španielsko. Krajiny najviac vystavené gréckemu dlhu. Ako sa dostať z dlhovej krízy. | ||
| 610 | 2 | 0 | |a kríza |
| 610 | 2 | 0 | |a dlhy |
| 610 | 2 | 0 | |a Európa |
| 100 | 1 | |a Nemeth, František | |